| 000 | 00437nam a22001697a 4500 | ||
|---|---|---|---|
| 003 | SGT | ||
| 020 | _a9789392787416 | ||
| 082 |
_a610.73 _bN22H |
||
| 100 | _aHUSSAIN, M. EJAZ | ||
| 245 | _aNEW PARADIGM IN ALLIED HEALTH SCIENCE | ||
| 250 | _a1ST | ||
| 260 |
_aINDIA _bSSB PUB. _c2022 |
||
| 300 | _a241 | ||
| 650 | _aNURSING | ||
| 653 |
_aNEW PARADIGM IN ALLIED HEALTH SCIENCE, _aSGT UNIVERSITY FACULTY PUBLICATION |
||
| 942 |
_2ddc _cBK |
||
| 999 |
_c24468 _d24468 |
||